Statistiques concernant Capitales en plusieurs mots

Cliquez ici pour prendre le quiz!

Statistiques générales

  • Ce quiz a été pris 92 fois
    (63 depuis la dernière actualisation)
  • Le résultat moyen est 17 sur 30

Statistiques - réponses

Capitales% Correct
Andorre-la-Vieille
80%
La Paz
78%
La Valette
72%
Saint-Marin
70%
Le Caire
69%
New Delhi
69%
Oulan-Bator
69%
Buenos Aires
67%
Addis-Abeba
65%
Kuala Lumpur
65%
Le Cap
63%
Port-au-Prince
61%
Abou Dabi
57%
La Havane
56%
Port-d'Espagne
56%
Port Moresby
56%
San José
56%
San Salvador
56%
Phnom Penh
54%
Sao Tomé
54%
Port-Louis
52%
Saint-Domingue
50%
Porto-Novo
48%
Port-Vila
46%
Bandar Seri Begawan
44%
Saint George's
43%
Saint John's
41%
Sri Jayawardenepura Kotte
39%
Nuku'alofa
28%
Nour-Soultan
11%

Distribution des résultats

Percentile par nombre de réponses

% des personnes avec chaque résultat

Votre développement - résultats

Vous n’avez pas pris ce quiz depuis la dernière actualisation